000 00754cam a22002651 4500
001 ne 67001439
003 DLC
005 20260227111834.0
008 900418s1966 ua b 000 0bara
010 _ane 67001439
025 _aPL480:UAR-8340
035 _a(OCoLC)21390004
040 _aDLC
_cWaU
_dWaU
_dDLC
042 _apremarc
050 0 0 _aDS97.2.U4
_bS2
100 1 _aṢafwat, Aḥmad Zakī.
245 1 0 _aʻUmar ibn ʻAbd al-ʻAzīz
_c[taʼlīf] Aḥmad Zakī Ṣafwat.
250 _a[al-Ṭabʻah 3]
260 _aMiṣr,
_bDār al-Maʻārif
_c[1966]
300 _a119 p.
_c17 cm.
490 0 _aIqraʼ ;
_v65
504 _aBibliography: p. 118-119.
600 0 0 _aʻUmar
_bII,
_cCaliph,
_d-720.
830 0 _aIqraʼ (Cairo, Egypt) ;
_v65
999 _c49742
_d49742